000 01069nam a2200253 a 4500
003 BD-DhJNU
005 20260114052651.0
008 251108s2023 bg |||g |||| 000 1|ben|d
020 _a9844121274
040 _aBD-DhJNU
_bben
_cBD-DhJNU
_dBD-DhJNU
041 _aben
082 _a181.07 HAM
_223
100 _aহামিদ, মো: আবদুল
245 1 0 _aমুসলিম দর্শন পরিচিতি /
_cমো: আবদুল হামিদ এবং মুহাম্মদ আবদুল হাই ঢালী
246 _aMuslim darshan parichiti
250 _a1st ed.
260 _aঢাকা :
_bঅনন্যা,
_c2023.
300 _a২৪৪ পৃ. :
_bচিত্র ;
_c২২ সেমি.।
504 _aগ্রন্থপঞ্জিগত নির্দেশিকা ও নিঘন্ট অন্তভূক্ত
650 _aইসলামি দর্শন
650 _aIslamic philosophy
700 a _aঢালী, মুহাম্মদ আবদুল হাই
942 _cBK
999 _c2528
_d2528